| 000 | 00759nam a2200229Ii 4500 | ||
|---|---|---|---|
| 003 | JO-AjNU | ||
| 008 | 230606s9999||||xx |||||||||||||| ||und|| | ||
| 020 | _a0-412-22360-0/0-412-22370-8 | ||
| 040 |
_aJO-AjNU _beng _erda _cJO-AjNU |
||
| 041 | _aeng | ||
| 050 | 1 | 4 | _aQC82.J4 1980 |
| 100 | 3 |
_aJerrard,H.G/D.B. McNeill, _eauthor _95574 |
|
| 245 | 0 | 0 | _a A dictionary of scientific units : including dimensionless numbers and scales |
| 250 | _a4 ed | ||
| 264 | 3 | 1 | _aLondon ; New York :Chapman and Hall,1980 |
| 300 |
_a212p _bIncludes references indexes(p182-212) |
||
| 336 |
_atext _btxt _2rdacontent |
||
| 337 |
_aunmediated _bn _2rdamedia |
||
| 338 |
_avolume _bnc _2rdacarrier |
||
| 490 | 0 | _aScience paperbacks ;20 | |
| 650 | 4 |
_aUnits - Dictionaries _95575 |
|
| 999 |
_aE2884 _c2882 _d2882 |
||